00891nam a2200277 a 450000100100000000500170001000800410002702000150006803500200008303500290010304000250013208200190015710000380017624500460021426000360026030000210029649000210031765000280033865000320036683000280039891000340042691000070046004900090046795201220047699900150059800000846820200929161339.0981113s1998 ck 000 f spa d a9586146324 a(OCoLC)39967186 a(CStRLIN)NYPGR39967186-B aDO-SdBNPcDLCdBNPHU aC863.44bP661e1 aPinzón, Germán,d1934-92277610aEsta vida y la otra /cGermán Pinzón. aBogotá :bSeix Barral,c1998. a390 p. ;c22 cm.1 aBiblioteca breve 4aNovela colombiana91243 4aLiteratura colombiana91244 0aBiblioteca breve913442 aCatalogación por copia / LC aWM aBNGR 001054708MOaGRbGRcHDd2009-09-16iLF1l0oC863.44 P661ep8468-10r2020-06-25w2020-06-25y4ZPréstamo en sala c8239d8239